000 01731pam a2200337 i 4500
999 _c28175
_d28146
001 018235150
003 EG-ScBUE
005 20200224141705.0
008 170215s2017 enka f b 001 0 eng d
020 _a9781137550507
040 _aStDuBDS
_beng
_erda
_cStDuBDS
_dUk
_dEG-ScBUE
082 0 4 _a153.42
_bCOT
_222
100 1 _aCottrell, Stella,
_eauthor.
245 1 0 _aCritical thinking skills :
_beffective analysis, argument and reflection /
_cStella Cottrell.
250 _aThird edition.
264 1 _aLondon :
_bPalgrave Macmillan,
_c2017.
300 _axvi, 309 pages :
_billustrations ;
_c25 cm.
336 _atext
_2rdacontent
_btxt
337 _aunmediated
_2rdamedia
_bn
338 _avolume
_2rdacarrier
_bnc
490 0 _aPalgrave study guides
500 _aPrevious edition: 2011.
504 _aIncludes bibliographical references and index.
520 _a"Stella Cottrell's student-centered approach demystifies critical thinking and breaks down a complex subject into manageable chunks. With clear explanations, relevant examples and plenty of exercises throughout, this book helps students to develop their analytical reasoning skills and apply them to a range of tasks including reading, note-making and writing. This text will turn even the most hesitant student into a proficient critical thinker. This is an ideal companion for students of study skills, humanities, social sciences, business and arts programs, where assessment includes essay and report writing. It is suitable for students of all levels"
650 7 _aCritical thinking.
_2BUEsh
650 7 _aStudy skills.
_2BUEsh
653 _bCOMAME
_cFebruary2020
655 _vReading book
_934232
942 _2ddc
_cBB